| 000 | 00754 a2200205 4500 | ||
|---|---|---|---|
| 020 | _a047009494X | ||
| 040 |
_aDLC _bDLC |
||
| 082 | 0 | 0 | _a621.3822 |
| 100 | 1 | _aVaseghi, Saeed V. | |
| 245 | 1 | 0 |
_aAdvanced digital signal processing and noise reduction _cSaeed V. Vaseghi |
| 250 | _a3rd ed. | ||
| 260 |
_aChichester, West Sussex, England ; _aHoboken : _bWiley, _cc2006. |
||
| 300 |
_axxvi, 453 p. : _bill. ; _c25 cm. |
||
| 650 | 0 | _aSignal processing. | |
| 650 | 0 | _aElectronic noise. | |
| 650 | 0 | _aDigital filters (Mathematics) | |
| 856 | 4 | 1 |
_3Table of contents only _uhttp://www.loc.gov/catdir/toc/ecip0515/2005018514.html |
| 856 | 4 | 1 |
_3Publisher description _uhttp://www.loc.gov/catdir/enhancements/fy0622/2005018514-d.html |
| 942 |
_cBK _k621.3822 VAS _2ddc |
||
| 999 |
_c8241 _d8241 |
||